000 00632nam a2200217Ia 4500
005 20250508153327.0
008 008 250505s9999 xx 000 0 eng d
037 _aTextual
040 _aFEDL
_beng
_cFEDL
041 _aeng
_2eng
084 _a028.5, AME
_qFEDL
100 _aRue Eloise Co.
_9763707
245 0 _aSubject index to books for intermediate grades
245 0 _cAmerican Library Association
250 _a2nd
260 _aChicago
_bAmerican Library Association
_c1950
300 _aLxxIx,493p.
650 _aSubject Index-ALA
_9763708
942 _cTEXL
_h028.5, AME
999 _c1342066
_d1342066